Dante y su tratado "De Monarchia" / (Record no. 110830)

MARC details
000 -LEADER
campo de control de longitud fija 00885nam a2200229 i 4500
001 - NÚMERO DE CONTROL
campo de control 110830
003 - IDENTIFICADOR DE NÚMERO DE CONTROL
campo de control ES-MaACL
005 - FECHA Y HORA DE LA ÚLTIMA TRANSACCIÓN
campo de control 20260127062537.0
007 - CAMPO FIJO DE DESCRIPCIÓN FÍSICA--INFORMACIÓN GENERAL
campo de control de longitud fija t|
008 - DATOS DE LONGITUD FIJA--INFORMACIÓN GENERAL
campo de control de longitud fija 070131s1921 sp ||||1| spa d
080 ## - NÚMERO DE LA CLASIFICACIÓN DECIMAL UNIVERSAL
Número de la Clasificación Decimal Universal 821.131.1
100 1# - ENTRADA PRINCIPAL--NOMBRE DE PERSONA
Nombre de persona Bonilla y San Martín, Adolfo,
Fechas asociadas al nombre 1875-1926
9 (RLIN) 30193
245 10 - MENCIÓN DEL TÍTULO
Título Dante y su tratado "De Monarchia" /
Mención de responsabilidad, etc. discurso leído por Adolfo Bonilla y San Martín.
260 ## - PUBLICACIÓN, DISTRIBUCIÓN, ETC.
Lugar de publicación, distribución, etc. Madrid :
Nombre del editor, distribuidor, etc. Reus,
Fecha de publicación, distribución, etc. 1921.
300 ## - DESCRIPCIÓN FÍSICA
Extensión 43 p. ;
Dimensiones 18 cm.
490 1# - MENCIÓN DE SERIE
Mención de serie Publicaciones de la Real Academia de Jurisprudencia y Legislación ;
Designación de volumen o secuencia 50
600 04 - PUNTO DE ACCESO ADICIONAL DE MATERIA--NOMBRE DE PERSONA
Nombre de persona Dante Alighieri,
Fechas asociadas al nombre 1265-1321-
Subdivisión general Crítica e interpretación
9 (RLIN) 42658
700 ## - ENTRADA AGREGADA--NOMBRE PERSONAL
Nombre de persona Real Academia de Jurisprudencia y Legislación de España
9 (RLIN) 217612
830 0# - PUNTO DE ACCESO ADICIONAL DE SERIE-TÍTULO UNIFORME
Título uniforme Publicaciones de la Real Academia de Jurisprudencia y Legislación ;
Designación de volumen o secuencia 50
9 (RLIN) 180630
852 ## - LOCALIZACIÓN
Ubicación ES-MaACL
Número de control de estantería L-5216
Holdings
Estatus retirado Estado de pérdida Estado de daño No para préstamo Biblioteca de origen Biblioteca actual Ubicación en estantería Fecha de adquisición Fuente de adquisición Total de préstamos Signatura topográfica completa Código de barras Visto por última vez Precio de reemplazo Tipo de ítem Koha
        Biblioteca del Ateneo de Madrid Biblioteca del Ateneo de Madrid Depósito 2 17/01/2008     L-5216 1115638 23/02/2023 23/02/2023 Libro impreso